000 01560nam a2200265 a 4500
001 86315
003 BD-RjUL
005 20260405113724.0
008 260405s2024 bg a|||| m||| 00| 0 ben d
035 _a(BD-RjUL)86315
040 _aBD-RjUL
_bben / eng
_cBD-RjUL
_dBD-RjUL
041 _aben
082 _223
_a891.44109
_bNIS 2024
100 _aতাবাসাসুম, নীলিমা, গবেষক
_918005
245 1 0 _aসুনীল গঙ্গোপাধ্যায়ের কবিতা :
_bবিষয় ও শিল্পরুপ /
_cগবেষক, নীলিমা তাবাসাসুম
_6গবেষণা তত্ত্বাবধায়ক : মানিকুল ইসলাম
246 _aSunil Gangopadhyays Poetry :
_bContent and Form /
260 _aরাজশাহী :
_bবাংলা বিভাগ, রাজশাহী বিশ্ববিদ্যালয়,
_c২০২৪
300 _axxvi, ৩৩৪ পাতা :
_bচিত্র ;
_c৩০ সেমি.
502 _aথিসিস (পিএইচ, ডি.) -- বাংলা বিভাগ, রাজশাহী বিশ্ববিদ্যালয়, ২০২৪
504 _aগ্রন্থপঞ্জি : পাতা [৩০৮]-৩২৮
650 _aকবিতা
_vবংলা সাহিত্যে
_918006
650 _aPoetry
_vBengali Lierature
_918007
700 _aইসলাম, মানিকুল, গবেষণা তত্ত্বাবধায়ক
_918008
942 _2ddc
_cTHE
999 _c86315
_d86315